El Club Gimnàstic de Tarragona (1886 - 2000)
ISBN:
84-935166-9-4
Descripción Física:
99 p. : il. col. ; 21 cm
Colección:
Quaderns de l'arxiu ; 2
Otros Autores:
Tarragona. Servei d'Arxiu i Documentació Municipal
Materias:
Club Gimnàstic de Tarragona -- Història
MARC
| LEADER | 00000nam a2200000Ia 4500 | ||
|---|---|---|---|
| 001 | 21524 | ||
| 008 | 160829s2007 xx 000 0 cat d | ||
| 020 | |a 84-935166-9-4 | ||
| 080 | |a P-1-86 | ||
| 245 | |a El Club Gimnàstic de Tarragona (1886 - 2000) | ||
| 260 | |a Tarragona : |b Ajuntament de Tarragona. Servei d'Arxiu i Documentació Municipal, |c 2007 | ||
| 300 | |a 99 p. : |b il. col. ; |c 21 cm | ||
| 490 | |a Quaderns de l'arxiu ; 2 | ||
| 590 | |a Bibliografia. | ||
| 590 | |a Conté la descripció del fons documental i el quadre de classificació de la documentació del Club Gimnàstic de Tarragona dipositada a l'Arxiu Municipal de Tarragona | ||
| 650 | |a Club Gimnàstic de Tarragona |x Història |9 44905 | ||
| 700 | |a Tarragona. Servei d'Arxiu i Documentació Municipal |9 27820 | ||
| 710 | 1 | |a Tarragona (Catalunya). |b Ajuntament |9 55108 | |
| 901 | |a Arxiu | ||
| 942 | |n 1 | ||
| 952 | |0 0 |1 0 |4 0 |6 P186 |7 1 |9 52245 |a Arxiu |b Arxiu |d 2016-12-01 |l 0 |o P-1-86 |p 21524 |r 2016-12-01 00:00:00 |w 2016-12-01 |y ARXIU | ||
| 999 | |c 56093 |d 56093 | ||